Most Populated Islands of Asia - Statistics

General Stats
  • This quiz has been taken 42 times
  • The average score is 12 of 15
Answer Stats
Population Answer % Correct
151,600,000 Java
100%
23,865,820 Taiwan
97%
23,720,000 Borneo
94%
21,918,000 Sri Lanka
94%
5,383,579 Hokkaido
89%
5,882,440 Singapore
89%
59,185,500 Sumatra
89%
104,000,000 Honshu
83%
10,081,832 Hainan
78%
64,260,312 Luzon
78%
12,646,104 Kyushu
75%
27,021,036 Mindanao
72%
20,160,000 Sulawesi
69%
4,656,945 Negros
33%
23,729,378 Salsette
25%
No matching quizzes found
Score Distribution
Percent of People with Each Score
Percentile by Number Answered
Your Score History
You have not taken this quiz